| 000 | 00578nam a2200217Ia 4500 | ||
|---|---|---|---|
| 003 | OSt | ||
| 005 | 20230411153828.0 | ||
| 008 | 210423s2003 xx 000 0 und d | ||
| 020 | _a978-085991-778-0 | ||
| 040 | _cAL | ||
| 041 | _aeng | ||
| 082 |
_a821.1 _223 _bBENN |
||
| 100 |
_aBENSON (Robert G);RIDYARD (Susan J) _986329 |
||
| 245 | _aNew readings of Chaucers poetry | ||
| 260 |
_aCambridge _bD.S Brewer _c2003 |
||
| 300 |
_avii,200 _bHB |
||
| 365 |
_b9499 _cINR |
||
| 650 |
_aEnglish Poetry _986330 |
||
| 906 | _aChaucers ; New ; poetry ; readings | ||
| 942 |
_2ddc _cBK |
||
| 999 |
_c169678 _d169678 |
||